| 000 | 01740nam a22002417a 4500 | ||
|---|---|---|---|
| 003 | Uzh_bibl | ||
| 008 | 260421b |||||||| |||| 00| 0 ukr d | ||
| 020 |
_a5-12-001243-4 _c26.00 |
||
| 040 | _bукр. | ||
| 041 |
_2ukr _aukr |
||
| 080 | _a94(477) | ||
| 090 |
_a94(477) _bЯ 22 |
||
| 100 | _aЯворницький,Дмитро | ||
| 245 |
_aІсторія запорозьких козаків _cред.О.А.Олійник _hТекст |
||
| 260 |
_aКиїв _bНаукова думка _c1990 |
||
| 300 |
_a560 с. _fВ опр. |
||
| 490 |
_aСерія"Пам'ятки іст.думки України" _vТ.2 |
||
| 520 | _aУ томі висвітлюється історія запорозького козацтва від його виникнення в кінці ХV ст. до 1686 року. Описуються походження козаків, їхня боротьба проти грабіжницьких навал на Україну орд кримських та турецьких феодалів, сухопутні походи запорожців у Крим та морські – в Туреччину. Значну увагу приділено дослідженню участі запорожців в народних повстаннях проти шляхетської Польщі, визвольній війні під проводом Богдана Хмельницького 1648 -1654 рр. | ||
| 521 | _aДля науковців, викладачів та студентів вузів, краєзнавців, широкого кола читачів. | ||
| 546 | _aукр. | ||
| 650 |
_aНаукове видання _vІсторична література |
||
| 942 |
_2udc _cBK |
||
| 999 |
_c17417 _d17417 |
||